[Event "ROM-ch"]
[Site "Eforie Nord"]
[Date "2024.02.28"]
[Round "6"]
[White "Vedmediuc, Artiom"]
[Black "Maksimov, Oleg"]
[Result "0-1"]
[WhiteElo "2035"]
[BlackElo "2186"]
[PlyCount "92"]
[EventDate "2024.02.24"]
[EventType "swiss"]
[EventRounds "9"]
[EventCountry "ROU"]
[SourceTitle "CB10_2024"]
[SourceDate "2024.03.06"]
[SourceVersion "1"]
[SourceVersionDate "2024.03.06"]
[SourceQuality "1"]

1. e4 c5 2. Nf3 g6 3. c3 Bg7 4. d4 cxd4 5. cxd4 d5 6. e5 Bg4 7. Bb5+ Nd7 8. 0-0 a6 9. Be2 e6 10. Nbd2 Rc8 11. Nb3 Ne7 12. Bg5 h6 13. Bxe7 Qxe7 14. Ne1 Bxe2 15. Qxe2 0-0 16. Nd3 Rc4 17. Rac1 b6 18. Rc2 Rfc8 19. Rfc1 a5 20. Rxc4 Rxc4 21. Qe3 h5 22. a3 Nb8 23. h3 Qc7 24. Rd1 Nc6 25. Ne1 Ne7 26. g4 hxg4 27. hxg4 a4 28. Nc1 Nc6 29. Ne2 Na5 30. Nc3 Nb3 31. Nxa4 Rxa4 32. Qxb3 Rc4 33. Nf3 Qc6 34. Kg2 b5 35. Rh1 Rc2 36. Ng5 Rc4 37. Qf3 Qc7 38. Qf4 Bxe5 39. Qxe5 Qxe5 40. dxe5 Rxg4+ 41. Kf3 Rxg5 42. Rc1 Rf5+ 43. Kg3 Rxe5 44. Rc5 b4 45. a4 Re2 46. b3 Rb2 0-1

[Event "Braila GP RO Stage 5"]
[Site "Braila"]
[Date "2022.11.05"]
[Round "1"]
[White "Vedmediuc, Artiom"]
[Black "Kuzubov, Yuriy"]
[Result "0-1"]
[WhiteElo "1996"]
[BlackElo "2618"]
[PlyCount "72"]
[EventDate "2022.11.05"]
[EventType "swiss (rapid)"]
[EventRounds "10"]
[EventCountry "ROU"]
[SourceTitle "EXT 2024"]
[Source "ChessBase"]
[SourceDate "2023.10.10"]
[SourceVersion "1"]
[SourceVersionDate "2023.10.10"]
[SourceQuality "1"]

1. e4 c5 2. Nf3 Nc6 3. d4 cxd4 4. Nxd4 g6 5. Nc3 Bg7 6. Be3 Nf6 7. Bc4 d6 8. f3 Qb6 9. Nf5 Qxb2 10. Nxg7+ Kf8 11. Nd5 Nxd5 12. Bxd5 Kxg7 13. 0-0 Qc3 14. Qd3 Qxd3 15. cxd3 Bd7 16. Rab1 b6 17. Rfc1 Rac8 18. d4 Na5 19. Bd2 Bc6 20. Bxa5 Bxd5 21. exd5 bxa5 22. Rxc8 Rxc8 23. Rb7 Kf6 24. Rxa7 Rc1+ 25. Kf2 Rc2+ 26. Kg3 Rxa2 27. h4 h5 28. Ra6 a4 29. Ra7 a3 30. Ra6 Ra1 31. Ra7 a2 32. Ra6 g5 33. hxg5+ Kxg5 34. f4+ Kf5 35. Ra7 h4+ 36. Kh2 Kxf4 0-1

[Event "Condom op 19th"]
[Site "Condom"]
[Date "2022.07.11"]
[Round "3"]
[White "Vedmediuc, Artiom"]
[Black "Scurtu, Alexandr"]
[Result "1/2-1/2"]
[WhiteElo "1897"]
[BlackElo "1914"]
[PlyCount "26"]
[EventDate "2022.07.09"]
[EventType "swiss"]
[EventRounds "9"]
[EventCountry "FRA"]
[SourceTitle "CBM 209 Extra"]
[Source "ChessBase"]
[SourceDate "2022.09.30"]
[SourceVersion "1"]
[SourceVersionDate "2022.09.30"]
[SourceQuality "1"]

1. d4 d5 2. c4 c6 3. Nc3 Nf6 4. cxd5 cxd5 5. Nf3 Nc6 6. Bf4 Bf5 7. e3 e6 8. Bd3 Bxd3 9. Qxd3 Bd6 10. Bg3 0-0 11. 0-0 Bxg3 12. hxg3 Rc8 13. Rfc1 Nd7 1/2-1/2

[Event "Nizami Ganjavi 880 years U17"]
[Site "Tornelo INT"]
[Date "2021.04.04"]
[Round "7.6"]
[White "Haraguchi, Diego Sashaki"]
[Black "Vedmediuc, Artiom"]
[Result "0-1"]
[WhiteElo "1923"]
[BlackElo "1680"]
[PlyCount "92"]
[EventDate "2021.04.02"]
[EventType "team-swiss (blitz)"]
[EventRounds "9"]
[EventCountry "AZE"]
[SourceTitle "EXT 2023"]
[Source "ChessBase"]
[SourceDate "2022.10.05"]
[SourceVersion "1"]
[SourceVersionDate "2022.10.05"]
[SourceQuality "1"]
[WhiteTeam "Brasil JXT"]
[BlackTeam "Moldova"]
[WhiteTeamCountry "BRA"]
[BlackTeamCountry "MDA"]

1. d4 Nf6 2. c4 g6 3. Nf3 Bg7 4. g3 0-0 5. Bg2 d6 6. 0-0 Nbd7 7. Nc3 e5 8. e4 Re8 9. Re1 a6 10. h3 exd4 11. Nxd4 Rb8 12. a3 Ne5 13. Qb3 c5 14. Nde2 Be6 15. Rd1 Nxc4 16. Nf4 Na5 17. Qc2 Bb3 18. Qe2 Bxd1 19. Qxd1 Nc6 20. Be3 b5 21. Qf1 Ne7 22. Rd1 Qc7 23. Qd3 Red8 24. h4 b4 25. Nce2 bxa3 26. Qxa3 Ng4 27. Bc1 Qb6 28. Bh3 Ne5 29. Rf1 d5 30. exd5 Nxd5 31. Nxd5 Rxd5 32. Nc3 Rdd8 33. Bg2 Nc4 34. Qa2 Nxb2 35. Nd5 Qb3 36. Ne7+ Kf8 37. Qa5 Kxe7 38. Qxc5+ Rd6 39. Bf4 Qb6 40. Bxd6+ Qxd6 41. Qa7+ Kf8 42. Re1 Rd8 43. Qb7 Nd3 44. Re2 Bd4 45. Qe4 Nxf2 46. Kh2 Nxe4 0-1

[Event "Agneaux St Lo U16 op 21th"]
[Site "Agneaux"]
[Date "2019.07.13"]
[Round "9.4"]
[White "Georget, Laureline"]
[Black "Vedmediuc, Artiom"]
[Result "1-0"]
[WhiteElo "1746"]
[BlackElo "1443"]
[PlyCount "41"]
[EventDate "2019.07.06"]
[EventType "swiss"]
[EventRounds "9"]
[EventCountry "FRA"]
[SourceTitle "EXT 2020"]
[Source "ChessBase"]
[SourceDate "2019.10.17"]
[SourceVersion "1"]
[SourceVersionDate "2019.10.17"]
[SourceQuality "1"]

1. c4 g6 2. d4 Bg7 3. Nc3 Nf6 4. Nf3 0-0 5. e3 d6 6. Bd3 c5 7. 0-0 Bg4 8. Be2 Nc6 9. b3 Nd7 10. Bb2 Bxf3 11. Bxf3 cxd4 12. exd4 Bxd4 13. Bxc6 Bxc3 14. Bxc3 bxc6 15. Re1 Nf6 16. Qf3 Rc8 17. Qe3 e6 18. Rad1 d5 19. Qe5 Kg7 20. c5 a5 21. Rd3 1-0